00553nam a2200133Ia 45000010005000000080041000050820030000461000109000762450123001852600062003085900007003709010027003779990015004043299241024s9999 xx 000 0 und d aRD/374.72/R426i/2004-2008 aRepública Dominicana. Secretaría de Estado de Educación Superior, Ciencia y Tecnología (SEESCYT) 0aInforme final de evaluación quinquenal correspondiente al Instituto Superior de Formación Docente Salomé Ureña bComisión de Evaluación Quinquenal de la SEESCYTc2008 asi a19/9/2013 3:45:06 p.m. c8476d8476